000 00312nam a22001337a 4500
020 _a81-7862-434-6
082 _a920
_bKAP/A
100 _aKAPOOR,SADHANA
245 _aBHIMRAO AMBEDKAR
260 _aNEW DELHI
_bSTERLING PRESS PRIVATE LIMITED
300 _a62
650 _aABOUT AMBEDKAR
_zNEW DELHI
942 _cBK
999 _c5805
_d5805